Normal view
MARC view
- Shahzad, Naeem
Entry Personal Name
001 - CONTROL NUMBER
- control field: 19533
003 - CONTROL NUMBER IDENTIFIER
- control field: NUST
005 - DATE AND TIME OF LATEST TRANSACTION
- control field: 20190826070129.0
008 - FIXED-LENGTH DATA ELEMENTS
- fixed length control field: 190826|| aca||aabn | a|a d
040 ## - CATALOGING SOURCE
- Original cataloging agency: NUST
- Transcribing agency: NUST
100 ## - HEADING--PERSONAL NAME
- Personal name: Shahzad, Naeem
670 ## - SOURCE DATA FOUND
- Source citation: Work cat.: (NUST): Tio2 Shahzad, Naeem, An Investigation into the Potential of Pure and Doped Tio2 Nanoparticles for the Abatement of Air Pollution /, 2012.
